[Event "TUR-ch op"]
[Site "Antalya"]
[Date "2008.02.10"]
[Round "11.67"]
[White "Cetinkaya, Serbay"]
[Black "Saglam, Emrah Sitki"]
[Result "1/2-1/2"]
[WhiteElo "1485"]
[BlackElo "1662"]
[PlyCount "89"]
[EventDate "2008.02.04"]
[EventType "swiss"]
[EventRounds "11"]
[EventCountry "TUR"]
[SourceTitle "CBM 122 Extra"]
[Source "ChessBase"]
[SourceDate "2008.03.04"]
[SourceVersion "1"]
[SourceVersionDate "2008.03.04"]
[SourceQuality "1"]

1. c4 Nf6 2. Nc3 g6 3. g3 c5 4. Bg2 Nc6 5. Nf3 b6 6. 0-0 Bb7 7. Re1 Bg7 8. d4 Nxd4 9. Nxd4 Bxg2 10. Kxg2 cxd4 11. Qxd4 0-0 12. Bg5 Rc8 13. Rad1 d6 14. Qd3 Rc5 15. Be3 Qa8+ 16. Kg1 Rf5 17. b3 Ng4 18. Nd5 Rh5 19. Nxe7+ Kh8 20. h4 Nxe3 21. Qxe3 Re5 22. Nxg6+ fxg6 23. Qd3 Ref5 24. Rf1 Be5 25. f4 Qc8 26. fxe5 Qc5+ 27. e3 Qxe5 28. Qd4 Kg7 29. Qxe5+ Rxe5 30. Rxf8 Kxf8 31. Rxd6 Rxe3 32. Kf2 Re7 33. a3 Rf7+ 34. Kg2 Ke7 35. Rd3 Ke6 36. b4 Rc7 37. Rd4 Ke5 38. Rf4 Rd7 39. Kh3 h5 40. c5 bxc5 41. bxc5 Rc7 42. Ra4 Kd5 43. Ra6 Rc6 44. Rxa7 Kxc5 45. g4 1/2-1/2

[Event "TUR-ch op"]
[Site "Antalya"]
[Date "2008.02.06"]
[Round "5.77"]
[White "Cetinkaya, Serbay"]
[Black "Varli, Mehmet Fatih"]
[Result "1-0"]
[WhiteElo "1485"]
[BlackElo "1564"]
[PlyCount "75"]
[EventDate "2008.02.04"]
[EventType "swiss"]
[EventRounds "11"]
[EventCountry "TUR"]
[SourceTitle "CBM 122 Extra"]
[Source "ChessBase"]
[SourceDate "2008.03.04"]
[SourceVersion "1"]
[SourceVersionDate "2008.03.04"]
[SourceQuality "1"]

1. c4 Nf6 2. Nc3 e5 3. g3 Bc5 4. Bg2 c6 5. d3 a6 6. Nf3 Qc7 7. 0-0 b5 8. cxb5 axb5 9. a3 d5 10. b4 Bb6 11. Bb2 Nbd7 12. Rc1 Bb7 13. Nxb5 Qb8 14. Nc3 Qa7 15. h3 Nh5 16. e3 0-0 17. d4 Rfe8 18. a4 e4 19. Nd2 Nhf6 20. a5 Bd8 21. Nb3 Ba6 22. Re1 Rb8 23. Na2 Bc4 24. Bf1 Bxb3 25. Qxb3 c5 26. dxc5 Nxc5 27. Qd1 Ne6 28. Bxf6 Bxf6 29. Qxd5 Nc7 30. Qd7 Re7 31. Qa4 Nd5 32. b5 Qd7 33. Red1 Qe6 34. Bc4 Rd7 35. a6 Qe5 36. Bxd5 Rxd5 37. Rxd5 Qxd5 38. b6 1-0